Brands with Animals - Statistics

General Stats
  • This quiz has been taken 23 times
    16 since last reset
  • The average score is 20 of 52
Answer Stats
Answer % Correct
Jaguar
75%
Puma
75%
Ferrari
67%
Lacoste
67%
Lamborghini
67%
Twitter
58%
Duolingo
50%
Peugeot
50%
Ralph Lauren
50%
Crocs
42%
MGM
42%
Petco
42%
Ram
42%
Red Bull
42%
Swarovski
42%
WWF
42%
Animal Planet
33%
Bacardi
33%
Burberry
33%
Charmin
33%
Chicken Biscuit
33%
Dove
33%
Fevicol
33%
Firefox
33%
Ford Mustang
33%
Hello Kitty
33%
Hermes
33%
HMW
33%
HostGator
33%
Jetpunk
33%
Kipling
33%
Linux
33%
Mickey Mouse
33%
Muthoot Finance
33%
Nando's
33%
Nationwide
33%
Nestle
33%
Penguin Books
33%
Popeye's
33%
Royal Stag
33%
Snuggle
33%
Valley Children's
33%
Abercrombie & Fitch
25%
Evernote
25%
ING
25%
Panda Express
25%
Playboy
25%
Premier League
25%
Qantas
25%
The Laughing Cow
25%
The Times Group
25%
TVS
25%
No matching quizzes found
Score Distribution
Percent of People with Each Score
Percentile by Number Answered
Your Score History
You have not taken this quiz since the last reset